000 00703nam a22002297a 4500
003 UA-OsUOA
001 64507
007 ta
008 20091105b un ||||| |||| 00| 0 ukr d
090 _a908
_bД76
942 _cBK
040 _aUA-OsUOA
_bukr
_cUA-OsUOA
_dUA-OsUOA
245 _aДруга Чернігівська обласна наукова конференція з історичного краєзнавства (грудень 1988 р.)
_bТези доповідей
300 _a108 с.
955 _a4
041 _aukr
080 _a908
260 _aЧернігів-Ніжин
_c1988
246 3 1 _aВип. 1
_n
650 7 _a908 Краєзнавство
_2UDC
999 _c350766
_d350766